000 00307nam a22001457a 4500
008 230329b ||||| |||| 00| 0 eng d
020 _a9780140446081
041 _aeng
080 _a030
082 _a030ERA
100 _a40
101 _aENCIK
245 _aPRAISE OF FOLLY
_cERASMUS
942 _2udc
_cBK
999 _c59477
_d59477